000 00669nam a2200229Ia 4500
003 OSt
005 20220926014828.0
006 a|||||r|||| 00| 0
007 ta
008 220923b |||||||| |||| 00| 0 eng d
037 _cGeneral Book
040 _aRTL
_cRTL
_beng
041 _2eng
_aeng
082 _aX9(L):(X71:8F).7311.N83r, M3/GD
110 _aMilbank Memorial Fund.
_9134000
245 0 _aAnnual Report 1983.
260 _aNew York
_bMilbank Memorial Fund.
_c1983
300 _a40p.
_ccm.
700 _aMilbank Memorial Fund.
_9134001
942 _hX9(L):(X71:8F).7311.N83r, M3/GD
_cGB
_2CC
999 _c629942
_d629942